Théorèmes de représentabilité pour les espaces algébriques /

Guardado en:
Autor Principal: Artin, Michael.
Otros Autores: Lascu, Alexandru. (Colaborador), Boutot, Jean François. (Colaborador)
Formato: Libro
Idioma:French
Publicado: Montréal : Presses de l'Université de Montréal, 1973.
Series:Séminaire de mathématiques supérieures ; 44
Materias:
Etiquetas: Agregar Etiqueta
Sin Etiquetas, Sea el primero en etiquetar este registro!
LEADER 01219cam a2200289 a 4500
001 MAT.inmabb004616
008 730918s1973####quca#####b####101#0#fre##
005 20130304112825.0
245 1 0 |a Théorèmes de représentabilité pour les espaces algébriques /  |c par Michael Artin ; en collaboration avec Alexandru Lascu et Jean-François Boutot. 
260 |a Montréal :  |b Presses de l'Université de Montréal,  |c 1973. 
300 |a 282 p. :  |b il. ;  |c 28 cm. 
440 0 |a Séminaire de mathématiques supérieures ;  |v 44 
500 |a Cabecera de portada: Université de Montréal. Département de mathématiques. 
500 |a "Notes du cours donné... à la neuvième session du Séminaire de mathématiques supérieures de l'Université de Montréal, tenue l'été 1970." 
504 |a Bibliografía: p. [273]-276. 
510 4 |a MR,  |c 53 #10794 
020 |a 0840502192 
100 1 |a Artin, Michael. 
700 1 |a Lascu, Alexandru.  |4 clb 
700 1 |a Boutot, Jean François.  |4 clb 
650 0 |a Algebraic spaces. 
650 0 |a Homology theory. 
650 0 |a Sheaf theory. 
084 |a 14A20 (14D15 14B10 13J15)  |2 msc2000 
010 |a  73167982  
040 |a DLC  |c DLC  |d DLC 
859 |h 14  |i Ar7915  |p A-4453  |b BIB. MATEMATICA